MARC details
| 000 -CABECERA |
| campo de control de longitud fija |
00873cam a2200229 a 4500 |
| 001 - NÚMERO DE CONTROL |
| campo de control |
000010902 |
| 005 - FECHA Y HORA DE LA ÚLTIMA TRANSACCIÓN |
| campo de control |
20200929162320.0 |
| 008 - DATOS DE LONGITUD FIJA--INFORMACIÓN GENERAL |
| campo de control de longitud fija |
800226s1988 cu a b f001 0 spa d |
| 040 ## - FUENTE DE LA CATALOGACIÓN |
| Centro catalogador/agencia de origen |
DO-SdBNP |
| Lengua de catalogación |
spa |
| Centro/agencia transcriptor |
DLC |
| Centro/agencia modificador |
BNPHU |
| 082 ## - NÚMERO DE LA CLASIFICACIÓN DECIMAL DEWEY |
| Número de clasificación |
595.7 |
| Número de documento/Ítem |
Z39e |
| 049 ## - FONDOS LOCALES (OCLC) |
| Fondos de biblioteca |
BNGR |
| 100 1# - ENTRADA PRINCIPAL--NOMBRE DE PERSONA |
| Nombre de persona |
Zayas Muñoz, Fernando de. |
| 9 (RLIN) |
26289 |
| 245 10 - MENCIÓN DE TÍTULO |
| Título |
Entomofauna cubana : |
| Resto del título |
tópicos entomológicos a nivel medio para uso didáctico / |
| Mención de responsabilidad, etc. |
Fernando de Zayas Muñoz ; edición José A. Tamargo. |
| 260 ## - PUBLICACIÓN, DISTRIBUCIÓN, ETC. |
| Lugar de publicación, distribución, etc. |
La Habana, Cuba : |
| Nombre del editor, distribuidor, etc. |
Editorial Científico-Técnica, Instituto Cubano del Libro, |
| Fecha de publicación, distribución, etc. |
1988. |
| 300 ## - DESCRIPCIÓN FÍSICA |
| Extensión |
v. : |
| Otras características físicas |
il. ; |
| Dimensiones |
29 cm. |
| 504 ## - NOTA DE BIBLIOGRAFÍA, ETC. |
| Nota de bibliografía, etc. |
Incluye referencias bibliográficas (p. [240]-244). |
| 500 ## - NOTA GENERAL |
| Nota general |
La biblioteca posee el tomo VII |
| 650 #4 - PUNTO DE ACCESO ADICIONAL DE MATERIA--TÉRMINO DE MATERIA |
| Término de materia o nombre geográfico como elemento de entrada |
Entomología |
| Subdivisión general |
Cuba |
| 9 (RLIN) |
26290 |
| 650 #4 - PUNTO DE ACCESO ADICIONAL DE MATERIA--TÉRMINO DE MATERIA |
| Término de materia o nombre geográfico como elemento de entrada |
Insectos |
| Subdivisión general |
Cuba |
| 9 (RLIN) |
26291 |
| 700 1# - PUNTO DE ACCESO ADICIONAL--NOMBRE DE PERSONA |
| Nombre de persona |
Tamargo, José A., |
| Término indicativo de función/relación |
ed. |
| 9 (RLIN) |
26292 |
| 910 ## - DATOS DE OPCIÓN DEL USUARIO (OCLC) |
| Datos de opción del usuario |
Catalogación derivada |